| 000 | 00402cam a2200169ua 4500 | ||
|---|---|---|---|
| 041 |
_aeng _h |
||
| 082 |
_a823.308 _bELI/MI |
||
| 100 | _aEliot, George. | ||
| 245 |
_aMiddle march / _cGeorge Eliot. _hTextual Documents |
||
| 260 |
_aLondon : _bJ M Dent and Sons Ltd , _c1961. |
||
| 300 | _a381 ; . | ||
| 500 | _aVol. 2 | ||
| 504 | _a | ||
| 942 | _cBK | ||
| 999 |
_c11535 _d11535 |
||